Discursos leidos en la Academia Nacional de la Historia en la recepcion publica del Señor Dr. Rafael Villavicencio el 23 de mayo de 1900. (Record no. 167615)

MARC details
000 -LEADER
campo de control de longitud fija 00802nam a22001935i 4500
001 - NÚMERO DE CONTROL
campo de control 167615
003 - IDENTIFICADOR DE NÚMERO DE CONTROL
campo de control ES-MaACL
005 - FECHA Y HORA DE LA ÚLTIMA TRANSACCIÓN
campo de control 20241115203444.0
008 - DATOS DE LONGITUD FIJA--INFORMACIÓN GENERAL
campo de control de longitud fija 991026s1900 ve |||| | spa d
040 ## - FUENTE DE CATALOGACIÓN
Centro catalogador/agencia de origen CCPB | B
Lengua de catalogación spa
Centro/agencia transcriptor CCPB | B
100 1# - ENTRADA PRINCIPAL--NOMBRE DE PERSONA
Nombre de persona Villavicencio, Rafael.
9 (RLIN) 133761
245 10 - MENCIÓN DEL TÍTULO
Título Discursos leidos en la Academia Nacional de la Historia en la recepcion publica del Señor Dr. Rafael Villavicencio el 23 de mayo de 1900.
260 ## - PUBLICACIÓN, DISTRIBUCIÓN, ETC.
Lugar de publicación, distribución, etc. Caracas :
Nombre del editor, distribuidor, etc. [s.n.],
Fecha de publicación, distribución, etc. 1900 (
Fabricante Imprenta Bolivar)
300 ## - DESCRIPCIÓN FÍSICA
Extensión 48 p. ;
Dimensiones 23 cm.
752 ## - ENTRADA AGREGADA--NOMBRE JERÁRQUICO DEL LUGAR
País o entidad superior Venezuela -
Ciudad Caracas
852 ## - LOCALIZACIÓN
Ubicación ES-MaACL
Número de control de estantería T-1002-F-2
Nota libre -- Enc. hol. conservando la cub. origjnal
-- -- Enc. en un vol. facticio
Encuadernación -- Edic.: El tema del discurso es la evolución política y social de Venezuela
942 ## - ELEMENTOS DE ENTRADA SECUNDARIOS (KOHA)
Fuente del sistema de clasificación o colocación Clasificación decimal universal
Holdings
Estatus retirado Estado de pérdida Fuente del sistema de clasificación o colocación Estado de daño No para préstamo Colección Biblioteca de origen Biblioteca actual Ubicación en estantería Fecha de adquisición Total de préstamos Signatura topográfica completa Código de barras Visto por última vez Precio de reemplazo Tipo de ítem Koha
    Clasificación decimal universal     Colección de folletos Biblioteca del Ateneo de Madrid Biblioteca del Ateneo de Madrid Depósito folletos 17/01/2008   T-1002-F-2 1175848 23/02/2023 23/02/2023 Folleto